| 000 | 00708cam a2200181 a 4500 | ||
|---|---|---|---|
| 020 | _a971851113X | ||
| 040 | _cDLC | ||
| 082 | 0 | 0 | _a639 AQU 1998 A042 Co. |
| 245 | 0 | 0 |
_aPerspectives in aquaculture development in Southeast Asia and Japan : _bproceedings of the Seminar on Aquaculture Development in Southeast Asia, Iloilo City, Philippines, 8-12 September 1987 / |
| 260 |
_aTigbauan, Iloilo, Philippines : _bAquaculture Dept., Southeast Asian Fisheries Development Center, _c1988. |
||
| 300 |
_a316 p. : _bill. :; _c23 cm. |
||
| 650 | 0 | _aAquaculture | |
| 650 | 0 | _aAquaculture | |
| 700 | 1 | _aJuario, J.V. | |
| 700 | 1 | _aBenitez. L. V. | |
| 710 | 2 | _aSoutheast Asian Fisheries Development Center. | |
| 942 | _cEK | ||
| 999 |
_c12784 _d12784 |
||